Statystyki dla TOP 20 najwyżej ocenionych zawodników w FIFA 22 - Premier League

Kliknij tutaj aby rozwiązać quiz!

Ogólne statystyki

  • Ten quiz został rozwiązany 1 832 razy
  • Średni wynik to 17 z 20

Statystyki odpowiedzi

MIEJSCE w PREMIER LEAGUEKLUBOCENAPOZYCJAPAN ANGLIK% Poprawnych
2.Manchester United91NAPASTNIKCristiano Ronaldo
97%
3.Tottenham Hotspur90NAPASTNIKHarry Kane
97%
10.Liverpool FC89NAPASTNIKMohamed Salah
95%
8.Liverpool FC89BRAMKARZAlisson
94%
7.Manchester City89BRAMKARZEderson
94%
1.Manchester City91POMOCNIKKevin De Bruyne
94%
9.Liverpool FC89OBROŃCAVirgil Van Dijk
93%
4.Chelsea FC90POMOCNIKN' Golo Kante
91%
6.Liverpool FC89NAPSTNIKSadio Mane
91%
5.Tottenham Hotspur89POMOCNIKSon Heung - Min
89%
11.Manchester United88POMOCNIKBruno Fernandes
84%
18.Tottenham Hotspur87BRAMKARZHugo Lloris
84%
12.Chelsea FC88NAPASTNIKRomelu Lukaku
82%
16.Liverpool FC87OBROŃCATrent Alexander - Arnold
80%
19.Manchester City87OBROŃCARuben Dias
78%
15.Liverpool FC87OBROŃCAAndrew Robertson
76%
14.Manchester United87POMOCNIKPaul Pogba
74%
13.Manchester City88NAPASTNIKRaheem Sterling
73%
20.Manchester City86POMOCNIKBernardo Silva
66%
17.Manchester United87POMOCNIKJadon Sancho
60%

Rozkład punktacji

Percentyl według liczby udzielonych odpowiedzi

Procent ludzi z każdym wynikiem

Twoja historia wyników

Nie rozwiązałeś tego quizu